Landlocked Countries - Sudden Death - Statistics

General Stats
  • This quiz has been taken 109 times
  • The average score is 10 of 15
Answers on the Grid
Answers color-coded by a green-red scale on the quiz's grid according to % correct below.
Afghanistan
Austria
Belarus
Botswana
Central African Republic
Ethiopia
Kyrgyzstan
Malawi
Mongolia
Paraguay
Serbia
South Sudan
Tajikistan
Vatican City
Zimbabwe
Uruguay
Belize
Gabon
Guinea
Jordan
Bosnia and Herzegovina
Estonia
Myanmar
North Korea
Brunei
Haiti
Suriname
Gambia
Portugal
Pakistan
 
Answer Stats
Answer % Correct
Mongolia
77%
Austria
73%
Botswana
72%
Central African Republic
72%
Tajikistan
72%
Paraguay
71%
Afghanistan
68%
Serbia
68%
Vatican City
68%
Zimbabwe
68%
South Sudan
67%
Belarus
65%
Kyrgyzstan
65%
Malawi
60%
Ethiopia
58%
No matching quizzes found
Score Distribution
Percent of People with Each Score
Percentile by Number Answered
Your Score History
You have not taken this quiz